000 00340nam a2200145Ia 4500
008 150201s2012 xx 000 0 und d
082 _a616.01
_bM12C
100 _aCHAKRABORTY, P.
245 _aTB. OF MEDICAL PARASITOLOGY
250 _a2ND
260 _bNCBA
_aDELHI
_c2012
300 _a1-358
650 _aMICROBIOLOGY
942 _2ddc
_cBK
999 _c1420
_d1420